000 00699nam a2200241Ia 4500
003 OSt
005 20220918222409.0
006 a|||||r|||| 00| 0
007 ta
008 220917b |||||||| |||| 00| 0 eng d
024 _a216,761
037 _cTextual
040 _aARTS
_cARTS
_beng
041 _2eng
_aeng
082 _aV4:1973(F55).N9, P0
100 _aManning Robert A.
_9143054
245 0 _aAsian energy factor
_b myths and dilemmas of energy security and the pacific future
260 _aNew York
_bPalgrave
_c2000
300 _ax, 246p
_ccm.
650 _aHISTORY
942 _hV4:1973(F55).N9, P0
_cTEXL
_2CC
999 _c275427
_d275427